| 000 | 01058cam a22002531i 4500 | ||
|---|---|---|---|
| 003 | SA-RiAUC | ||
| 005 | 20251105125844.0 | ||
| 008 | 251102q19001999ua g 000 0 ara c | ||
| 040 |
_aOM-MuAAL _bara _cSA-RiAUC _erda |
||
| 082 | 0 | 4 |
_a229.8 _qSA-RiAUC |
| 090 |
_a229.8 _bي ا ف |
||
| 100 | 1 |
_aاليافعي، عبد الله بن أسعد بن علي، _d698-768 هجري _eمؤلف. |
|
| 245 | 1 | 0 |
_aكتاب الدر النظيم في خواص القرآن الكريم / _cعبد الله بن أسعد اليمني اليافعي الشافعي. |
| 246 | 3 | 0 | _aالدر النظيم في خواص القرآن الكريم |
| 264 | 1 |
_a[القاهرة] : _bمكتبة جمهورية مصر العربية، _c[بين 1900 و1999] |
|
| 300 |
_a142 صفحة ؛ _c19 سم |
||
| 336 |
_aنص _btxt _2rdacontent _3كتاب |
||
| 337 |
_aبدون وسيط _bn _2rdamedia |
||
| 338 |
_aمجلد _bnc _2rdacarrier |
||
| 630 | 2 | 7 |
_aالقرآن _xخواص _2aucut |
| 730 | 2 | 2 | _aالقرآن |
| 942 |
_2ddc _cBOOK _n0 |
||
| 949 |
_aSA-JeALM _d251102 _umohamedma123 _n1 |
||
| 999 |
_c13018 _d13018 |
||